| 000 | 00446nam a2200169Ia 4500 | ||
|---|---|---|---|
| 008 | 230711s9999||||xx |||||||||||||| ||und|| | ||
| 020 | _a978-0-471-78870-6 | ||
| 041 | _aENG | ||
| 082 |
_a610.724 _bGP-M |
||
| 100 | _aGood, Phillip I | ||
| 245 | 2 | _aA manager's guide to the design and conduct of clinical trials | |
| 250 | _a2nd Ed. | ||
| 260 |
_c2006 _aNew Jersy _bJohn Wiley & Sons.Inc |
||
| 300 | _a256p. | ||
| 650 | _aPharmacy | ||
| 942 | _cBK | ||
| 999 |
_c7041 _d7041 |
||